| 000 | 00512nam a2200181Ia 4500 | ||
|---|---|---|---|
| 005 | 20250326130917.0 | ||
| 008 | 250326s9999 xx 000 0 und d | ||
| 037 | _aTextbook | ||
| 040 |
_aFMSL _beng _cFMSL |
||
| 041 |
_aeng _2eng |
||
| 084 |
_aX8(A):8 P2 _qFMSL |
||
| 100 | _aMills J | ||
| 245 | 0 |
_aCompeting Through Competeness _cMills J; Platts K And Others |
|
| 260 |
_aUSA _bUSA, Cambridge University Press _c2002 |
||
| 300 | _a179p | ||
| 942 |
_cTB _hX8(A):8 P2 |
||
| 999 |
_c1284658 _d1284658 |
||